000
00253nam a2200097Ia 4500
001
1003388
005
20250826230448.0
008
250824s9999 xx 000 0 und d
245
0
_a
GÜLÜŞÜN LİLİŞİ
_c
ABDURRAHMAN KOÇ
260
_b
AKVARYUM YAYINLARI
999
_c
1003388
_d
1003388